000
00284nam a22001217a 4500
082
_a
823
_b
SHA/T
100
_a
SHAKESPEARE, WILLIAM
245
_a
THE TRAGEDY OF MACBETH
260
_a
COCHIN
_b
INDIA PUBLISHING HOUSE
_c
255
300
_a
255
650
_a
ENGLISH STORY
_z
INDIA
942
_c
BK
999
_c
7598
_d
7598